00917nam a2200229 a 450000100100000000500170001000800410002704000130006808200170008110000370009824500930013525000110022826000350023930000270027450400470030165000470034865000340039504900090042995201140043895201200055299900150067200000786220200929154327.0090911s2002 dr a 001 0 spa d aDO-SdBNP a693.5bM385p1 aMartínez Puerta, José92163210aPresupuesto y procedimientos prácticos para edificaciones /cJosé Martínez Puerta. a2a ed. aSanto Domingo, :bBuho,c2002. a126 p. :bil ;c21 cm. aIncluye referencias bibliográficas [125] 4aConstrucciones de hormigón armado921633 4aEdificios prefabricado921634 aBNPD 0010718PDaPDbPDcCTd2009-09-11iLF1l0o693.5 M385pp7862-10r2020-06-25w2020-06-25yLFPDZNo se presta 0010718PDaPDbPDcCTd2009-09-11iLF1l0o693.5 M385pp7862-20r2020-06-25te. 2w2020-06-25yLFPDZNo se presta c7640d7640